[Event "Hamburg Harburg - ch 3rd Gr.B"]
[Site "Hamburg"]
[Date "2005.06.26"]
[Round "4.2"]
[White "Schoengart, Ralf"]
[Black "Porth, Hartmut"]
[Result "1/2-1/2"]
[WhiteElo "2100"]
[BlackElo "2120"]
[PlyCount "98"]
[EventDate "2005.06.24"]
[Source "SK Marmstorf"]
[SourceDate "2005.06.26"]

1. d4 Nc6 2. Nf3 d5 3. Bf4 Bg4 4. Nbd2 e6 5. e3 Bd6 6. Bxd6 cxd6 7. c3 Nge7 8.
Be2 O-O 9. O-O Ng6 10. h3 Bxf3 11. Nxf3 Rb8 12. Rc1 b5 13. Qd3 e5 14. dxe5 dxe5
15. Qd2 Nge7 16. Rfd1 Qa5 17. Qc2 e4 18. Nd2 {(=)} 18... Qb6 19. Nb3 Ne5 20.
Rd4 Rfd8 21. Rcd1 a5 22. Bf1 Rdc8 23. Rxd5 Nxd5 24. Rxd5 Nd3 25. Bxd3 exd3 26.
Qxd3 Rd8 27. Rxd8+ Rxd8 28. Nd4 b4 29. cxb4 Qxb4 30. Qe2 Rc8 31. Kh2 g6 32. a3
Qb8+ 33. g3 Qb7 34. Qd2 a4 35. Ne2 Rb8 36. Nc3 Qxb2 37. Qxb2 Rxb2 38. Kg2 Rb3
39. Nxa4 Rxa3 40. Nc5 Kf8 41. h4 h5 42. Kf3 Ke7 43. Ne4 f6 44. Nd2 Ke6 45. Ne4
Ra5 46. Nd2 Ra2 47. Nb3 Kd5 48. Nc1 Ra8 49. Ne2 Ke6 1/2-1/2

[Event "Hamburg Harburg - ch 3rd Gr.B"]
[Site "Hamburg"]
[Date "2005.06.26"]
[Round "4.3"]
[White "Tonndorf, Matthias"]
[Black "Dimke, Markus"]
[Result "1-0"]
[WhiteElo "2242"]
[BlackElo "2112"]
[PlyCount "83"]
[EventDate "2005.06.24"]
[Source "SK Marmstorf"]
[SourceDate "2005.06.26"]

1. e4 e5 2. Nf3 Nf6 3. Nxe5 d6 4. Nf3 Nxe4 5. Nc3 Nxc3 6. dxc3 Be7 7. Bf4 Nd7
8. Qd2 Nc5 9. O-O-O Bg4 10. Be2 Ne6 11. Be3 O-O 12. h3 Bxf3 13. Bxf3 c6 14. c4
a5 15. g4 a4 16. a3 Qa5 17. h4 Qxd2+ 18. Rxd2 Ra6 19. Be2 c5 20. c3 Rb8 21. f4
Nc7 22. f5 b5 23. cxb5 Nxb5 24. Bf4 Rab6 25. Rh3 Rd8 26. Bc4 Na7 27. g5 Nc6 28.
g6 hxg6 29. fxg6 Ne5 30. Bxe5 dxe5 31. Bxf7+ Kf8 32. Rxd8+ Bxd8 33. Re3 Bf6 34.
Re4 Ra6 35. Bc4 Ra5 36. Bd3 Ke7 37. Bc2 Kd6 38. Rg4 Kd5 39. h5 Ra7 40. Bxa4 e4
41. Bc2 Re7 42. Kd2 1-0

[Event "Hamburg Harburg - ch 3rd Gr.B"]
[Site "Hamburg"]
[Date "2005.06.26"]
[Round "5.1"]
[White "Dimke, Markus"]
[Black "Gottuk, Stefan"]
[Result "0-1"]
[WhiteElo "2112"]
[BlackElo "2270"]
[PlyCount "88"]
[EventDate "2005.06.24"]
[Source "SK Marmstorf"]
[SourceDate "2005.06.26"]

1. e4 g6 2. d4 Bg7 3. Nc3 d6 4. Be3 c6 5. Qd2 b5 6. Bd3 a6 7. h3 Qc7 8. Nf3 Nd7
9. O-O h6 10. Rfe1 Bb7 11. Ne2 c5 12. c3 c4 13. Bc2 e6 14. Ng3 Ne7 15. Qe2 O-O
16. Qd2 Kh7 17. Rad1 Rfd8 18. Nh2 Nf8 19. Ng4 Ng8 20. Qe2 e5 21. d5 Bc8 22. f4
f6 23. f5 g5 24. Nh5 Qf7 25. Nxg7 Kxg7 26. Qf2 Nd7 27. Rd2 Bb7 28. Bd1 Ne7 29.
h4 Rh8 30. h5 {(=)} 30... Rhc8 31. Nh2 Nc5 32. Bxc5 Rxc5 33. g4 Nc8 34. Nf1 Qc7
35. Ne3 Nb6 36. Bc2 Nd7 37. Ra1 Qb8 38. Nd1 Bc8 39. b3 a5 40. b4 Rc7 41. Qe3
Rca7 42. Bb1 Nb6 43. Nb2 axb4 44. cxb4 Ra3 0-1

[Event "Hamburg Harburg - ch 3rd Gr.B"]
[Site "Hamburg"]
[Date "2005.06.26"]
[Round "5.2"]
[White "Porth, Hartmut"]
[Black "Tonndorf, Matthias"]
[Result "1/2-1/2"]
[WhiteElo "2120"]
[BlackElo "2242"]
[PlyCount "127"]
[EventDate "2005.06.24"]
[Source "SK Marmstorf"]
[SourceDate "2005.06.26"]

1. e4 c5 2. d3 g6 3. f4 Bg7 4. Nf3 Nc6 5. g3 e6 6. Bg2 Nge7 7. c3 O-O 8. Be3 b6
9. Bf2 Bb7 10. O-O d6 11. Re1 e5 12. f5 gxf5 13. Nh4 fxe4 14. dxe4 Qd7 15. Qh5
Bc8 16. Nf5 Nxf5 17. exf5 f6 18. Bd5+ Kh8 19. g4 Bb7 20. Re3 Ne7 21. Rh3 h6 22.
Bxb7 Qxb7 23. Be3 Ng8 24. c4 d5 25. cxd5 Qxd5 26. Nc3 Qb7 27. Re1 Rad8 28. Bc1
Rd7 29. Qg6 Rfd8 30. g5 fxg5 31. Bxg5 Rf8 32. Ne4 Rff7 33. f6 Bf8 34. Bxh6 Nxh6
35. Rxh6+ Bxh6 36. Qxh6+ Kg8 37. Kf2 Rg7 38. fxg7 Rxg7 39. Qe6+ Kf8 40. Ke3 Qf7
41. Qxf7+ Kxf7 42. Rf1+ Ke6 43. h4 Rg4 44. Rh1 Kf5 45. Nf2 Rg3+ 46. Ke2 Kg6 47.
Rh3 Rg1 48. Kf3 Kh5 49. Rh2 Ra1 50. a3 Rb1 51. Ne4 Rf1+ 52. Rf2 Rd1 53. Kg3
Rg1+ 54. Kh3 Rh1+ 55. Rh2 Rxh2+ 56. Kxh2 Kxh4 57. Kg2 Kg4 58. Kf2 Kf4 59. Nd6
e4 60. Nc8 Ke5 61. Ke3 Kd5 62. Nxa7 Kc4 63. b4 cxb4 64. axb4 1/2-1/2

[Event "Hamburg Harburg - ch 3rd Gr.C"]
[Site "Hamburg"]
[Date "2005.06.24"]
[Round "1.1"]
[White "Kemeny, Matthias"]
[Black "Hubschmid, Stefan"]
[Result "1-0"]
[WhiteElo "2032"]
[BlackElo "2059"]
[PlyCount "93"]
[EventDate "2005.06.24"]
[Source "SK Marmstorf"]
[SourceDate "2005.06.26"]

1. e4 e5 2. Nf3 Nc6 3. Bb5 a6 4. Ba4 Nf6 5. O-O Be7 6. Re1 b5 7. Bb3 O-O 8. a4
Bb7 9. c3 d6 10. d3 Na5 11. Bc2 c5 12. Nbd2 Nc6 13. Nf1 b4 14. Ne3 g6 15. Bb3
a5 16. Nc4 Nd7 17. Bh6 Re8 18. h4 Qc7 19. Ne3 Nb6 20. Ng5 Nd8 21. Qf3 Bf8 22.
Ng4 Bxh6 23. Nxh6+ Kg7 24. Nhxf7 c4 25. Nxd8 Raxd8 26. dxc4 Nxc4 27. Bxc4 Qxc4
28. cxb4 Rf8 29. Qe3 Rd7 30. Rac1 Qg8 31. Qb6 h6 32. Rc7 Bc8 33. Qxd6 hxg5 34.
Rxd7+ Bxd7 35. Qxd7+ Rf7 36. Qd5 gxh4 37. Qxe5+ Kh7 38. bxa5 Qf8 39. Qg5 Rf4
40. a6 Kg7 41. a7 Rf7 42. Qd5 Qb4 43. a8=Q Qxe1+ 44. Kh2 Qxf2 45. Qe5+ Rf6 46.
Qe7+ Rf7 47. Qaf8+ 1-0

[Event "Hamburg Harburg - ch 3rd Gr.C"]
[Site "Hamburg"]
[Date "2005.06.24"]
[Round "1.2"]
[White "Schmidt Brauns, Rainer"]
[Black "Wiege, Andre"]
[Result "1/2-1/2"]
[WhiteElo "2069"]
[BlackElo "2090"]
[PlyCount "58"]
[EventDate "2005.06.24"]
[Source "SK Marmstorf"]
[SourceDate "2005.06.26"]

1. d4 Nf6 2. c4 e5 3. dxe5 Ng4 4. Nf3 Bc5 5. e3 Nc6 6. Bd2 O-O 7. Bc3 Qe7 8.
Be2 Ncxe5 9. Nxe5 Nxe5 10. Nd2 a5 11. O-O d6 12. Nf3 Re8 13. Nd4 Qh4 14. b3 Ng4
15. Nf3 Qh6 16. Bd4 b6 17. Bxc5 bxc5 18. Qd5 Ra6 19. h3 Ne5 20. Nxe5 Rxe5 21.
Qf3 Rf5 22. Qe4 Re5 23. Qf3 Rf5 24. Qe4 Qe6 25. Qh4 g5 26. Qh5 Re5 27. Bg4 Qe8
28. Bxc8 Qxc8 29. Qf3 Rb6 1/2-1/2

[Event "Hamburg Harburg - ch 3rd Gr.C"]
[Site "Hamburg"]
[Date "2005.06.24"]
[Round "1.3"]
[White "Sechting, Martin"]
[Black "Carlstedt, Jonathan"]
[Result "1/2-1/2"]
[WhiteElo "2098"]
[BlackElo "2023"]
[PlyCount "113"]
[EventDate "2005.06.24"]
[Source "SK Marmstorf"]
[SourceDate "2005.06.26"]

1. d4 Nf6 2. c4 d6 3. Nf3 Nbd7 4. Nc3 e5 5. Bg5 Be7 6. e3 O-O 7. Bd3 Re8 8. O-O
exd4 9. exd4 Nf8 10. Qc2 Bg4 11. Nd2 h6 12. Bh4 Ne6 13. Nb3 Nf4 14. Bf5 Bxf5 {
(=)} 15. Qxf5 Ng6 16. Bg3 Qc8 17. Qxc8 Raxc8 18. Rfe1 Bf8 19. Na5 b6 20. Nc6 a6
21. Nb4 a5 22. Nbd5 Ne7 23. Nxf6+ gxf6 24. Bh4 Bg7 25. g4 Nc6 26. Nb5 Rxe1+ 27.
Rxe1 f5 28. gxf5 Nxd4 29. Nxd4 Bxd4 30. b3 Be5 31. Re4 Kg7 32. f4 Bf6 33. Bf2
Kf8 34. Kg2 Re8 35. Kf3 Rxe4 36. Kxe4 Ke7 37. Kd5 Kd7 38. a4 Bb2 39. Bh4 f6 40.
Bf2 Bc3 41. Ke4 Bb2 42. Kf3 Ke7 43. Kg4 Kf7 44. Be1 c5 45. Bf2 Bc3 46. Kf3 Ke7
47. Ke4 Kd7 48. Be3 Bb2 49. Bf2 Ba1 50. Kd3 Kc6 51. Ke4 Kd7 52. Ke3 Bb2 53. Kf3
Ke7 54. Kg4 Kf7 55. h4 Ba1 56. h5 Ke7 57. Kf3 1/2-1/2

[Event "Hamburg Harburg - ch 3rd Gr.C"]
[Site "Hamburg"]
[Date "2005.06.25"]
[Round "2.1"]
[White "Hubschmid, Stefan"]
[Black "Carlstedt, Jonathan"]
[Result "1/2-1/2"]
[WhiteElo "2059"]
[BlackElo "2023"]
[PlyCount "80"]
[EventDate "2005.06.24"]
[Source "SK Marmstorf"]
[SourceDate "2005.06.26"]

1. e4 c5 2. Nf3 d6 3. d4 cxd4 4. Nxd4 Nf6 5. Nc3 g6 6. Be3 Bg7 7. f3 O-O 8. Qd2
Nc6 9. Bc4 Bd7 10. h4 Qc8 11. Bb3 Ne5 12. O-O-O Nc4 13. Bxc4 Qxc4 14. Bh6 b5
15. Kb1 e5 16. Nf5 Bxf5 17. exf5 b4 18. Ne2 Bxh6 19. Qxh6 Qxe2 20. h5 Rac8 21.
Rc1 Qc4 22. g4 Rc7 23. g5 Qf4 24. hxg6 fxg6 25. fxg6 hxg6 26. Qh8+ Kf7 27.
Qxf6+ Qxf6 28. gxf6 Kxf6 29. Rcd1 Ke6 30. Rh6 Rf6 31. Rg1 g5 32. Rh5 Rxf3 33.
Rhxg5 Rcf7 34. Kc1 e4 35. Kd1 d5 36. R1g2 Rf1+ 37. Ke2 Ra1 38. Ke3 Rxa2 39. Kd4
Ra5 40. Re5+ Kf6 1/2-1/2

[Event "Hamburg Harburg - ch 3rd Gr.C"]
[Site "Hamburg"]
[Date "2005.06.25"]
[Round "2.2"]
[White "Wiege, Andre"]
[Black "Sechting, Martin"]
[Result "1/2-1/2"]
[WhiteElo "2090"]
[BlackElo "2098"]
[PlyCount "94"]
[EventDate "2005.06.24"]
[Source "SK Marmstorf"]
[SourceDate "2005.06.26"]

1. e4 c5 2. Nf3 a6 3. c3 e6 4. d3 d6 5. Nbd2 Be7 6. g3 b5 7. Bg2 Bb7 8. O-O Nd7
9. Qe2 Ngf6 10. Ng5 h6 11. Nh3 Qb6 12. Kh1 g5 13. a4 g4 14. Nf4 e5 15. Nd5 Nxd5
16. exd5 O-O-O 17. axb5 axb5 18. Qxg4 Kc7 19. c4 Nf6 20. Qe2 Ra8 21. Rxa8 Rxa8
22. Ne4 bxc4 23. dxc4 Nxe4 24. Bxe4 Ra1 25. Kg2 Qb3 26. Bxh6 Rxf1 27. Kxf1 Ba6
28. Bd3 f5 29. f3 Bf6 30. Kg2 e4 31. fxe4 fxe4 32. Qxe4 Qxb2+ 33. Qe2 Qd4 34.
Bf4 Bc8 35. Qd2 Qa1 36. h3 Bd4 37. Be3 Bc3 38. Qf2 Qd1 39. Be2 Qc2 40. Bf1 Qe4+
41. Kh2 Be5 42. Qd2 Qf3 43. Qf2 Bxg3+ 44. Qxg3 Qxf1 45. Bxc5 Qe2+ 46. Kg1 Qd1+
47. Kh2 Qc2+ 1/2-1/2

[Event "Hamburg Harburg - ch 3rd Gr.C"]
[Site "Hamburg"]
[Date "2005.06.25"]
[Round "2.3"]
[White "Kemeny, Matthias"]
[Black "Schmidt Brauns, Rainer"]
[Result "1/2-1/2"]
[WhiteElo "2032"]
[BlackElo "2069"]
[PlyCount "155"]
[EventDate "2005.06.24"]
[Source "SK Marmstorf"]
[SourceDate "2005.06.26"]

1. e4 c6 2. d4 d5 3. Nd2 dxe4 4. Nxe4 Nd7 5. Bc4 Ngf6 6. Ng5 e6 7. Qe2 Nb6 8.
Bb3 h6 9. N5f3 Be7 10. c3 O-O 11. Ne5 Nbd7 12. Ngf3 Nxe5 13. Nxe5 c5 14. Be3
Qc7 15. Bc2 b6 16. Ng4 Bb7 17. Nxf6+ Bxf6 18. Qd3 Rfd8 19. Qh7+ Kf8 20. Be4
Bxe4 21. Qxe4 cxd4 22. cxd4 Qc4 23. a3 Bxd4 24. Bxd4 Qxd4 25. Qe2 Qd3 26. Rc1
Rac8 27. Qxd3 Rxc1+ 28. Ke2 Rxd3 29. Rxc1 Rd7 30. g3 Ke7 31. Rc4 e5 32. Rc6 Kd8
33. Rc2 Rc7 34. Rd2+ Ke7 35. Ke3 Ke6 36. f4 exf4+ 37. Kxf4 f5 38. Ke3 g5 39.
Re2 Kf6 40. Rd2 Ke5 41. Rf2 Rc4 42. Rd2 Re4+ 43. Kf3 Rd4 44. Re2+ Kd5 45. Re7
Kc4 46. Rxa7 Rd2 47. Ra4+ Kc5 48. h4 Rxb2 49. hxg5 hxg5 50. Ra7 Rb3+ 51. Kf2 f4
52. gxf4 gxf4 53. a4 Ra3 54. Ra6 Kc6 55. Ra7 Kd5 56. Ra6 Kc6 57. Ra7 Rc3 58.
Rf7 Rc4 59. Ra7 Rb4 60. Kf3 Rc4 61. Kf2 Kc5 62. Kf3 Kc6 63. Kf2 Rc3 64. Rf7 f3
65. Ra7 Rc5 66. Kxf3 Ra5 67. Rh7 Rxa4 68. Ke3 Rc4 69. Kd3 Rc5 70. Rh8 Kb5 71.
Ra8 Kb4 72. Ra1 Rc3+ 73. Kd2 b5 74. Rh1 Kb3 75. Rb1+ Kc4 76. Rxb5 Rd3+ 77. Kc2
Kxb5 78. Kxd3 1/2-1/2

[Event "Hamburg Harburg - ch 3rd Gr.C"]
[Site "Hamburg"]
[Date "2005.06.25"]
[Round "3.1"]
[White "Schmidt Brauns, Rainer"]
[Black "Hubschmid, Stefan"]
[Result "0-1"]
[WhiteElo "2069"]
[BlackElo "2059"]
[PlyCount "52"]
[EventDate "2005.06.24"]
[Source "SK Marmstorf"]
[SourceDate "2005.06.26"]

1. d4 f5 2. Nf3 e6 3. c4 d5 4. g3 Nf6 5. Bg2 c6 6. O-O Bd6 7. b3 Qe7 8. Nbd2 b6
9. Ne5 Bb7 10. Ndf3 Nbd7 11. Nd3 O-O 12. Nfe5 c5 13. e3 Rac8 14. Bb2 Ne4 15. f3
Nef6 16. Rc1 Bb8 17. dxc5 Nxc5 18. Nxc5 Qxc5 19. Qd4 Rfd8 20. Qxc5 Rxc5 21.
Rfd1 Bxe5 22. Bxe5 Rdc8 23. Bxf6 gxf6 24. Bf1 Ba6 25. b4 R5c7 26. b5 Bxb5 0-1

[Event "Hamburg Harburg - ch 3rd Gr.C"]
[Site "Hamburg"]
[Date "2005.06.25"]
[Round "3.2"]
[White "Sechting, Martin"]
[Black "Kemeny, Matthias"]
[Result "1-0"]
[WhiteElo "2098"]
[BlackElo "2032"]
[PlyCount "139"]
[EventDate "2005.06.24"]
[Source "SK Marmstorf"]
[SourceDate "2005.06.26"]

1. d4 Nf6 2. c4 g6 3. Nc3 d5 4. cxd5 Nxd5 5. e4 Nxc3 6. bxc3 Bg7 7. Bc4 c5 8.
Ne2 Nc6 9. Be3 cxd4 10. cxd4 O-O 11. O-O Bg4 12. f3 Na5 13. Bd3 Be6 14. d5 Bxa1
15. Qxa1 Bd7 16. Rb1 f6 17. Qd4 b6 18. Bh6 Rf7 19. Bd2 Nb7 20. e5 fxe5 21. Qxe5
Qb8 22. Qd4 Qd6 23. Bb4 Nc5 24. Bc3 Qf6 25. Qe3 Qd6 26. Bc4 Bf5 27. Re1 Na4 28.
Bd4 Rc8 29. Bb3 Bd7 30. Ng3 Qf4 31. d6 Qxe3+ 32. Rxe3 e6 33. Ne4 Nc5 34. Bxc5
bxc5 35. Bc4 h6 36. Ra3 Ra8 37. Nxc5 Rc8 38. Nxd7 Rxc4 39. Ne5 Rc1+ 40. Kf2
Rc2+ 41. Ke3 Rb7 42. d7 Rb8 43. Rxa7 Rd8 44. Nxg6 Kf7 45. Ne5+ Kf6 46. f4 Ke7
47. g4 Rc5 48. Kd4 Rd5+ 49. Kc4 Kf6 50. h4 Rd1 51. a4 h5 52. gxh5 Kf5 53. Nd3
Rd2 54. a5 Rh2 55. a6 Rxh4 56. Rb7 Rxh5 57. Rb5+ Kg6 58. Rxh5 Kxh5 59. Ne5 Kh4
60. Kc5 Kg3 61. Kd6 Ra8 62. a7 Kxf4 63. Nc6 e5 64. d8=Q Rxd8+ 65. Nxd8 e4 66.
Ne6+ Kg3 67. a8=Q e3 68. Nd4 Kh2 69. Ne2 Kh3 70. Qe4 1-0

[Event "Hamburg Harburg - ch 3rd Gr.C"]
[Site "Hamburg"]
[Date "2005.06.25"]
[Round "3.3"]
[White "Carlstedt, Jonathan"]
[Black "Wiege, Andre"]
[Result "0-1"]
[WhiteElo "2023"]
[BlackElo "2090"]
[PlyCount "78"]
[EventDate "2005.06.24"]
[Source "SK Marmstorf"]
[SourceDate "2005.06.26"]

1. c4 Nf6 2. Nf3 d6 3. g3 Nbd7 4. Bg2 e5 5. d3 Be7 6. O-O O-O 7. Nc3 Re8 8. Rb1
c6 9. b4 a5 10. b5 Qc7 11. h3 d5 12. bxc6 bxc6 13. cxd5 cxd5 14. Nb5 Qb8 15.
Bg5 Bb7 16. d4 Ne4 17. Bxe7 Rxe7 18. dxe5 Nxe5 19. Nfd4 Qd8 20. Nf5 Rd7 21. Qd4
Qf6 22. f4 Qxf5 23. fxe5 Qe6 24. Kh2 Rad8 25. Rfc1 Qg6 26. Bxe4 dxe4 27. Nd6
Qe6 28. Qb6 Bd5 29. Rc7 h6 30. Rxd7 Rxd7 31. Qxa5 Qxe5 32. Nc8 Qf5 33. Qb6 e3
34. h4 Qf2+ 35. Kh3 Be6+ 36. g4 Qxe2 37. Qb8 Qxg4+ 38. Kh2 Rd2+ 39. Kh1 Qg2#
0-1

[Event "Hamburg Harburg - ch 3rd Gr.C"]
[Site "Hamburg"]
[Date "2005.06.26"]
[Round "4.1"]
[White "Hubschmid, Stefan"]
[Black "Wiege, Andre"]
[Result "0-1"]
[WhiteElo "2059"]
[BlackElo "2090"]
[PlyCount "66"]
[EventDate "2005.06.24"]
[Source "SK Marmstorf"]
[SourceDate "2005.06.26"]

1. e4 e5 2. Nf3 d6 3. Bc4 Nd7 4. O-O Be7 5. c3 Ngf6 6. Re1 O-O 7. Bb3 c6 8. d4
Qc7 9. Nbd2 b5 10. Nf1 c5 11. Ng3 Nb6 12. h3 a5 13. Bc2 a4 14. Nf5 Bxf5 15.
exf5 exd4 16. cxd4 Rfe8 17. Bg5 Nbd5 18. Rc1 a3 19. Rb1 c4 20. Be4 Nxe4 21.
Rxe4 Bxg5 22. Rxe8+ {(=)} 22... Rxe8 23. Nxg5 h6 24. Nf3 c3 25. bxc3 Nxc3 26.
Qb3 Nxb1 27. Qxb1 Qc4 28. f6 g6 29. Nh4 Qxd4 30. Qxb5 Re1+ 31. Kh2 Qf4+ 32. g3
Qxf2+ 33. Ng2 Qg1# 0-1

[Event "Hamburg Harburg - ch 3rd Gr.C"]
[Site "Hamburg"]
[Date "2005.06.26"]
[Round "4.2"]
[White "Kemeny, Matthias"]
[Black "Carlstedt, Jonathan"]
[Result "0-1"]
[WhiteElo "2032"]
[BlackElo "2023"]
[PlyCount "70"]
[EventDate "2005.06.24"]
[Source "SK Marmstorf"]
[SourceDate "2005.06.26"]

1. e4 c5 2. Nf3 d6 3. d4 cxd4 4. Nxd4 Nf6 5. Nc3 g6 6. Be3 Bg7 7. f3 O-O 8. Qd2
Nc6 9. g4 Qa5 10. O-O-O Nxd4 11. Bxd4 Be6 12. a3 Rab8 13. h4 b5 14. h5 b4 15.
Nd5 Bxd5 16. exd5 Qxd5 17. hxg6 fxg6 18. b3 Rfc8 19. Bc4 Rxc4 20. bxc4 Qxc4 21.
Bxf6 Bxf6 22. axb4 Rb5 23. f4 Bc3 24. Qe3 Rxb4 25. Rdf1 Bb2+ 26. Kd2 Qd5+ 27.
Qd3 Rd4 28. f5 Rxd3+ 29. cxd3 Qg2+ 30. Ke3 g5 31. Rhg1 Qd5 32. Rh1 a5 33. Rh5
Bf6 34. Rfh1 a4 35. Rxh7 a3 0-1

[Event "Hamburg Harburg - ch 3rd Gr.C"]
[Site "Hamburg"]
[Date "2005.06.26"]
[Round "4.3"]
[White "Schmidt Brauns, Rainer"]
[Black "Sechting, Martin"]
[Result "1-0"]
[WhiteElo "2069"]
[BlackElo "2098"]
[PlyCount "132"]
[EventDate "2005.06.24"]
[Source "SK Marmstorf"]
[SourceDate "2005.06.26"]

1. d4 Nf6 2. c4 e6 3. Nf3 d5 4. g3 c6 5. Bg2 dxc4 6. Ne5 Bb4+ 7. Nc3 Nd5 8. O-O
Nxc3 9. bxc3 Bxc3 10. Ba3 Qxd4 11. Nxc4 Qxc4 12. Qd6 Bf6 13. Rfd1 Qxe2 14. Re1
Qa6 15. Rad1 c5 16. Qxc5 Nd7 17. Qb4 Qb6 18. Qg4 Ne5 19. Rxe5 Bd7 20. Ree1
O-O-O 21. Rb1 Bb5 22. Qh5 Rd2 23. Bc5 g6 24. Bxb6 gxh5 25. Be3 Re2 26. Rec1+
Bc6 27. Bxc6 bxc6 28. Rxc6+ Kd7 29. Ra6 Rc8 30. Rxa7+ Rc7 31. Rd1+ Kc8 32. Ra8+
Kb7 33. Ra7+ Kb8 34. Rb1+ Kc8 35. Ra8+ Kd7 36. Rd1+ Ke7 37. a4 h4 38. Kg2 Rcc2
39. Kf3 hxg3 40. hxg3 Be5 41. a5 Ra2 42. a6 Rec2 43. Rd3 Rc6 44. a7 Rca6 45.
Rb3 Kf6 46. Rg8 h5 47. Rb7 Bd6 48. Bg5+ Ke5 49. Rxf7 Bc5 50. Bf4+ Kd5 51. Rg5+
Kc4 52. Rxh5 Rxf2+ 53. Kg4 Bxa7 54. Rd7 {(=)} 54... Bd4 55. Be5 Bc5 56. Rc7 Ra4
57. Bf4 Rxf4+ 58. gxf4 Ra5 59. Rc6 Kd4 60. Rxe6 Ra1 61. Kf5 Rf1 62. Re4+ Kd5
63. Rh2 Rd1 64. Re5+ Kc6 65. Rc2 Rd5 66. Rxd5 Kxd5 1-0

[Event "Hamburg Harburg - ch 3rd Gr.C"]
[Site "Hamburg"]
[Date "2005.06.26"]
[Round "5.1"]
[White "Sechting, Martin"]
[Black "Hubschmid, Stefan"]
[Result "0-1"]
[WhiteElo "2098"]
[BlackElo "2059"]
[PlyCount "68"]
[EventDate "2005.06.24"]
[Source "SK Marmstorf"]
[SourceDate "2005.06.26"]

1. d4 f5 2. e4 fxe4 3. Nc3 Nf6 4. Bg5 Nc6 5. d5 Ne5 6. Qd4 Nf7 7. Bh4 e5 8.
dxe6 dxe6 9. Qxd8+ Nxd8 10. O-O-O Be7 11. Nb5 Nd5 12. Bg3 O-O 13. Rxd5 exd5 14.
Nxc7 Bg5+ 15. Kb1 Rb8 16. Nxd5 Ra8 17. h4 Bh6 18. Nc7 Rb8 19. Bc4+ Kh8 20. Ne2
Bg4 21. Nc3 Bf4 22. Bxf4 Rxf4 23. g3 Rxf2 24. Nxe4 Rf8 25. Nd6 a6 26. a4 Bh5
27. Re1 Nf7 28. Bxf7 Bxf7 29. Re7 Bg8 30. b3 Rf3 31. Ne4 Re3 32. g4 h6 33. g5
hxg5 34. hxg5 Bh7 0-1

[Event "Hamburg Harburg - ch 3rd Gr.C"]
[Site "Hamburg"]
[Date "2005.06.26"]
[Round "5.2"]
[White "Carlstedt, Jonathan"]
[Black "Schmidt Brauns, Rainer"]
[Result "1/2-1/2"]
[WhiteElo "2023"]
[BlackElo "2069"]
[PlyCount "41"]
[EventDate "2005.06.24"]
[Source "SK Marmstorf"]
[SourceDate "2005.06.26"]

1. c4 e5 2. Nc3 Nf6 3. d3 Nc6 4. g3 g6 5. Bg2 Bg7 6. Nf3 d6 7. O-O O-O 8. Bd2
h6 9. Rb1 a5 10. a3 Be6 11. b4 axb4 12. axb4 Qd7 13. b5 Ne7 14. Qb3 Bh3 15.
Rfc1 Bxg2 16. Kxg2 Qe6 17. e4 c6 18. Ra1 Rab8 19. Rcb1 Nd7 20. bxc6 bxc6 21.
Qc2 1/2-1/2

[Event "Hamburg Harburg - ch 3rd Gr.D"]
[Site "Hamburg"]
[Date "2005.06.25"]
[Round "1.1"]
[White "Borgmeyer, Max"]
[Black "Colpe, Malte"]
[Result "1-0"]
[WhiteElo "1895"]
[BlackElo "1962"]
[PlyCount "50"]
[EventDate "2005.06.24"]
[Source "SK Marmstorf"]
[SourceDate "2005.06.26"]

1. e4 c5 2. Nf3 Nc6 3. d4 cxd4 4. Nxd4 Nf6 5. Nc3 e6 6. Bg5 Bb4 7. Ndb5 a6 8.
Nd6+ Ke7 9. Nxc8+ Rxc8 10. Bd2 Bxc3 11. Bxc3 Nxe4 12. Bxg7 Qa5+ 13. c3 Rhg8 14.
Qg4 Rxg7 15. Qxe4 Rcg8 16. g3 Rg4 17. f4 f5 18. Qd3 R4g6 19. O-O-O d5 20. Kb1
b5 21. Be2 Rb8 22. Rhe1 b4 23. c4 Rd8 24. Bh5 Rh6 25. Qxf5 dxc4 1-0

[Event "Hamburg Harburg - ch 3rd Gr.D"]
[Site "Hamburg"]
[Date "2005.06.25"]
[Round "1.2"]
[White "Heroiu, Alexandru"]
[Black "Smolkina, Milana"]
[Result "1/2-1/2"]
[WhiteElo "2004"]
[BlackElo "1709"]
[PlyCount "72"]
[EventDate "2005.06.24"]
[Source "SK Marmstorf"]
[SourceDate "2005.06.26"]

1. g3 Nf6 2. Bg2 g6 3. Nf3 Bg7 4. O-O O-O 5. d3 d6 6. e4 c5 7. a4 Nc6 8. c3 Bg4
9. h3 Be6 10. Be3 Qc8 11. Kh2 Na5 12. Nbd2 Rd8 13. Ng5 Bd7 14. f4 e5 15. Rc1 b6
16. b4 Nb7 17. Qb3 Be6 18. Nxe6 Qxe6 19. Qxe6 fxe6 20. Nc4 Nd7 21. fxe5 Nxe5
22. Nxe5 Bxe5 23. d4 Bg7 24. h4 c4 25. Rc2 Rf8 26. Rcf2 Rxf2 27. Rxf2 a6 28.
Bh3 Re8 29. Bg5 h6 30. Bf6 Kh7 31. Kg2 Bxf6 32. Rxf6 Nd8 33. e5 Kg7 34. Kf3 d5
35. Kf4 Rf8 36. Rxf8 Kxf8 1/2-1/2

[Event "Hamburg Harburg - ch 3rd Gr.D"]
[Site "Hamburg"]
[Date "2005.06.25"]
[Round "1.3"]
[White "Simon, Christopher"]
[Black "Homm, Marc Michael"]
[Result "0-1"]
[WhiteElo "1938"]
[BlackElo "1971"]
[PlyCount "114"]
[EventDate "2005.06.24"]
[Source "SK Marmstorf"]
[SourceDate "2005.06.26"]

1. e4 c5 2. c3 d6 3. d4 Nf6 4. Bd3 Nc6 5. Ne2 e5 6. dxc5 dxc5 7. O-O Be7 8. Ng3
O-O 9. Qc2 Be6 10. Rd1 Qb6 11. Nd2 Rad8 12. Nc4 Qc7 13. Ne3 Rd7 14. Nef5 Rfd8
15. Bg5 Kf8 16. Qe2 c4 17. Bc2 Rxd1+ 18. Rxd1 g6 19. Nxe7 Qxe7 20. h4 Kg7 21.
Rxd8 Qxd8 22. Qf3 h6 23. Bxf6+ Qxf6 24. Qxf6+ Kxf6 25. Kf1 b5 26. Ke2 a5 27. a3
Nd8 28. Ke3 Bd7 29. Ne2 Ke7 30. g3 Ne6 31. f4 f6 32. fxe5 fxe5 33. Ng1 Nc5 34.
Nf3 Kd6 35. Nd2 Bg4 36. a4 Bd7 37. axb5 Bxb5 38. Bd1 Nd3 39. b3 Nb2 40. Bc2
cxb3 41. Bxb3 a4 42. Ba2 Nd1+ 43. Kf3 Nxc3 44. Bf7 a3 45. Bxg6 a2 46. Nb3 Ba4
47. Na1 Kc5 48. g4 Bd1+ 49. Kg3 Kd4 50. g5 hxg5 51. h5 Ne2+ 52. Kg4 Nf4+ 53.
Kxg5 Bxh5 54. Bh7 Bf7 55. Kf6 Bc4 56. Bf5 Nd3 57. Ke7 Kc3 0-1

[Event "Hamburg Harburg - ch 3rd Gr.D"]
[Site "Hamburg"]
[Date "2005.06.25"]
[Round "2.1"]
[White "Colpe, Malte"]
[Black "Homm, Marc Michael"]
[Result "0-1"]
[WhiteElo "1962"]
[BlackElo "1971"]
[PlyCount "72"]
[EventDate "2005.06.24"]
[Source "SK Marmstorf"]
[SourceDate "2005.06.26"]

1. d4 Nf6 2. c4 g6 3. Nc3 d5 4. cxd5 Nxd5 5. e4 Nxc3 6. bxc3 Bg7 7. Bc4 c5 8.
Ne2 cxd4 9. cxd4 Nc6 10. Be3 O-O 11. O-O Bg4 12. f3 Na5 13. Bd3 Be6 14. d5 Bxa1
15. Qxa1 f6 16. Bh6 Re8 17. Kh1 a6 18. Nf4 Bf7 19. e5 Bxd5 20. Rd1 e6 21. exf6
Kf7 22. Bg7 Qc7 23. Nxg6 hxg6 24. Qb1 Rh8 25. Bxg6+ Kg8 26. Bxh8 Kxh8 27. Qa1
Nc6 28. f7+ Qe5 29. Qc1 Kg7 30. Re1 Qf6 31. Bh5 Rh8 32. Bg4 Kxf7 33. Qe3 Qh6
34. Qg1 Bxa2 35. h3 Bd5 36. Qb6 Ne7 0-1

[Event "Hamburg Harburg - ch 3rd Gr.D"]
[Site "Hamburg"]
[Date "2005.06.25"]
[Round "2.2"]
[White "Smolkina, Milana"]
[Black "Simon, Christopher"]
[Result "0-1"]
[WhiteElo "1709"]
[BlackElo "1938"]
[PlyCount "96"]
[EventDate "2005.06.24"]
[Source "SK Marmstorf"]
[SourceDate "2005.06.26"]

1. e4 e5 2. Nf3 Nc6 3. Bb5 a6 4. Ba4 Nf6 5. d3 d6 6. Nc3 h6 7. Nd5 b5 8. Bb3
Bg4 9. h3 Be6 10. O-O Na5 11. Ne3 Nxb3 12. axb3 Be7 13. Bd2 O-O 14. Kh1 Qd7 15.
Bc3 g6 16. Ng1 Nh5 17. Bd2 Nf4 18. Ng4 h5 19. Nh2 Kg7 20. Qf3 f5 21. Bxf4 exf4
22. Qxf4 g5 23. Qd2 f4 24. Nhf3 c5 25. Ne1 g4 26. Kh2 Bh4 27. Qe2 Bxf2 28. Rxf2
g3+ 29. Kh1 gxf2 30. Qxf2 Qe7 31. Nef3 Kh7 32. Ne2 Qf6 33. Ra2 a5 34. Qh4 Qxh4
35. Nxh4 a4 36. Nf3 Kh6 37. Nd2 axb3 38. Rxa8 Rxa8 39. Nxb3 Bxb3 40. cxb3 Kg5
41. Nc3 b4 42. Na4 Rf8 43. Kg1 f3 44. Nb6 Kf4 45. Nc4 Rg8 46. Nxd6 Rxg2+ 47.
Kf1 Rc2 48. Nc4 Kg3 0-1